000 00742nam a2200205Ia 4500
003 GCL
008 140319s9999 xx 000 0 ara d
040 _aGCL /
_cGCL
082 0 4 _a382.0953
_bم ا
100 1 _aمحمد على رضا الجاسم
245 1 0 _aاقتصاديات التجارة الخارجية للمملكة العربية السعودية /
_cمحمد على رضا الجاسم
260 _a[S.N] :
_bمعهد البحوث والدراسات العربية ،
_c1974
300 _a206 ص
490 _a
650 0 4 _aالاقتصاد
650 0 4 _aالاحوال الاقتصادية
650 0 4 _aالتجارة الخارجية
650 0 4 _aالمملكة العربية السعودية
942 _2ddc
_cBK
999 _c42815
_d42815